Making Money Work : (Record no. 1715051)

MARC details
000 -LEADER
fixed length control field 00506 a2200181 4500
005 - DATE AND TIME OF LATEST TRANSACTION
control field 20260319151258.0
008 - FIXED-LENGTH DATA ELEMENTS--GENERAL INFORMATION
fixed length control field 260319b |||||||| |||| 00| 0 eng d
020 ## - INTERNATIONAL STANDARD BOOK NUMBER
International Standard Book Number 9781394257263
040 ## - CATALOGING SOURCE
Transcribing agency SDCL
041 ## - LANGUAGE CODE
Source of code eng
Language code of text/sound track or separate title eng
084 ## - COLON CLASSIFICATION NUMBER
Classification number X64.1'P R5
100 ## - MAIN ENTRY--PERSONAL NAME
Personal name Sekerke, Matt
245 ## - TITLE STATEMENT
Title Making Money Work :
Remainder of title How to Rewrite the Rules of Our Financial System
260 ## - PUBLICATION, DISTRIBUTION, ETC.
Place of publication, distribution, etc. Hoboken :
Name of publisher, distributor, etc. Wiley,
Date of publication, distribution, etc. 2025.
300 ## - PHYSICAL DESCRIPTION
Extent xxi, 343p.
700 ## - ADDED ENTRY--PERSONAL NAME
Personal name Hanke, Steve H.
942 ## - ADDED ENTRY ELEMENTS (KOHA)
Koha item type Textual
Source of classification or shelving scheme Colon Classification (CC)
100 ## - MAIN ENTRY--PERSONAL NAME
-- 1132576
700 ## - ADDED ENTRY--PERSONAL NAME
-- 1132577
999 ## -
-- 1715051
-- 1715051
Holdings
Withdrawn status Lost status Source of classification or shelving scheme Damaged status Not for loan Home library Current library Date acquired Source of acquisition Cost, normal purchase price Inventory number Total checkouts Full call number Barcode Date last seen Cost, replacement price Price effective from Koha item type
    Colon Classification (CC)     South Campus Library South Campus Library 2026-03-10 26 2515.28 9475 & 09/12/2025   X64.1'P R5 SC1809516 2026-03-10 3240.91 2026-03-10 Textual
Copyright @ Delhi University Library System